| 000 | 00463nam a2200181Ia 4500 | ||
|---|---|---|---|
| 003 | OSt | ||
| 005 | 20230608150648.0 | ||
| 008 | 210423s2004 xx 000 0 und d | ||
| 040 | _cAL | ||
| 082 |
_a370 AGGT _223 |
||
| 100 |
_aAGGARWAL (J C). _9122721 |
||
| 245 | _aTheory and principles of education. | ||
| 260 |
_aNew Delhi _bVikas Publications _c2004 |
||
| 365 |
_b135 _cINR |
||
| 440 | _v1 | ||
| 906 | _aeducation. ; principles ; Theory | ||
| 942 |
_2ddc _cBK |
||
| 999 |
_c174027 _d174027 |
||